| 000 | 00546nam a2200181 a 4500 | ||
|---|---|---|---|
| 005 | 20140310183429.0 | ||
| 008 | 071207s19uu xx uuu eng d | ||
| 020 | _a9780132222167 | ||
| 050 |
_aHD 9710.3 _b.N277 2007 |
||
| 245 |
_aNRAEF ManageFirst : _binventory and purchasing competency guide / |
||
| 260 |
_aNew Jersey : _bPearson Prentice Hall, _c2007. |
||
| 300 |
_a98 p. : _bill.col. ; _c28 cm. |
||
| 440 | _aNRAEF ManageFirst Program | ||
| 521 | _aBSBA | ||
| 650 | _aIndustrial procurement. | ||
| 942 |
_cBK _2lcc _kFOR |
||
| 999 |
_c22695 _d22695 |
||